| 000 | nam a22 7a 4500 | ||
|---|---|---|---|
| 999 |
_c330822 _d330822 |
||
| 003 | NUST | ||
| 005 | 20170810103742.0 | ||
| 008 | 170810b xxu||||| |||| 00| 0 eng d | ||
| 020 | _a9693520386 | ||
| 040 | _cNUST | ||
| 082 |
_a954.912 _bDEH |
||
| 100 |
_aDehlawi, Zaheer _93881 |
||
| 245 |
_aDaastaan-i ghadar/ _cby Zaheer Dehlawi |
||
| 260 |
_aLahore: _bSang-e- mil publications, _c2007 |
||
| 300 | _a176 p. | ||
| 500 | _aHistory | ||
| 650 |
_aHistory-Indian Mutiny (1857) _93882 |
||
| 880 |
_6100-01\(3\r _aظہیر دہلوی |
||
| 880 |
_6245-02\(3\r _aداستان غدر _cظہیر دہلوی |
||
| 880 |
_6260-03\(3\r _aلاہور: _bسنگ میل پبلی کیشنز، _c2007 |
||
| 942 |
_2ddc _cBK |
||